Superstore Characters By Picture - Statistics

General Stats
  • This quiz has been taken 88 times
  • The average score is 14 of 16
Answer Stats
Picture Answer % Correct
Amy Sosa
96%
Glenn Sturgis
96%
Jonah Simms
96%
Dina Fox
93%
Sandra Kaluiokalani
93%
Mateo Liwanag
90%
Garrett McNeill
89%
Jeff Sutton
89%
Bo Thompson
88%
Cheyenne Lee
88%
Adam Dubanowski
85%
Marcus White
84%
Brett Kobashigawa
83%
Justine Sikowicz
79%
Myrtle Vartanian
79%
Carol Malloon
78%
No matching quizzes found
Score Distribution
Percent of People with Each Score
Percentile by Number Answered
Your Score History
You have not taken this quiz